000 00779nam a2200205Ii 4500
003 JO-AjNU
008 230605s9999||||xx |||||||||||||| ||und||
017 _a2039/6/2000
040 _aJO-AjNU
_bara
_erda
_cJO-AjNU
041 _aara
050 1 4 _aHF5621.A28.2001
100 3 _aأبو غزالة، طلال,
_eauthor
_928465
245 0 0 _aمعجم أبو غزالة للمحاسبة والأعمال = Abu-ghzaleh accuntancy & business dictionary 
264 3 1 _aبيروت: دار العلم للملايين، 2000
300 _a630ص
336 _atext
_btxt
_2rdacontent
337 _aunmediated
_bn
_2rdamedia
338 _avolume
_bnc
_2rdacarrier
650 4 _aالمحاسبة -- معجم مصطلحات -- إدارة الأعمال -- معجم مصطلحات
_928466
999 _aA11044
_c14612
_d14612